000 00523nam a22001817a 4500
003 CEME
005 20210628205025.0
008 210222b xxu||||| |||| 00| 0 eng d
020 _a0-13-312182-3
040 _c.
082 _a670.42 GRO'F
100 _aGroover, Mikell P
_910254
245 _aFundamentals of modern manufacturing materials processes and system
260 _aNEWJERSCY
_bPRENTICE HALL
_c1961
300 _a1061P
650 _a PRODUCTION ENGINEERIN MANUFACTURING PROCESSES
_973470
942 _cBK
_2ddc
999 _c579204
_d579204